[Event "33rd ECCC Open 2017"]
[Site "Antalya"]
[Date "2017.10.13"]
[Round "6"]
[White "Jessel, Stephen"]
[Black "Steingrimsson, Hedinn"]
[Result "0-1"]
[WhiteElo "2334"]
[BlackElo "2576"]
[Annotator "TA"]
[PlyCount "82"]
[EventType "team-tourn"]
[EventCountry "TUR"]
[SourceTitle "playchess.com"]
[Source "ChessBase"]
[SourceQuality "1"]
[WhiteTeam "Gonzaga"]
[BlackTeam "Fjolnir"]

{[%evp 18,82,-5,-12,-5,-10,-5,-14,0,-17,-10,-28,-25,-61,-52,-80,-85,-83,-78,-93,-70,-92,-113,-151,-89,-76,-64,-78,-56,-55,-49,-102,-87,-140,-158,-248,-248,-223,-217,-202,-208,-212,-216,-214,-208,-224,-219,-283,-256,-373,-291,-276,0,-234,-235,-862,-857,-830,-703,-29986,-29987,-29987,-29988,-29981,-6860,-29986,-29987]} 1. Nf3 d5 2. c4 d4 3. g3 Nc6 4. Bg2 e5 5. d3 Bb4+ 6. Bd2 a5 7. O-O {A09: Réti Opening: 1 Nf3 d5 2 c4} Nf6 8. Na3 O-O 9. Nc2 (9. Nb5 h6 10. e3 Bxd2 11. Qxd2 dxe3 12. Qxe3 Re8 13. Rfe1 Nb4 14. Re2 Ng4 {0-1 (34) Tomashevsky,E (2731)-Gelfand,B (2743) Moscow 2016}) 9... Bc5 10. a3 {LiveBook: 3 Games} a4 11. Nb4 {Threatening Nxc6.} Qd6 12. Nxc6 bxc6 $146 13. Bb4 Bg4 14. Ne1 Nd7 15. Nc2 f5 {[%cal Bf7f5,Bf5f4][%mdl 32]} 16. h3 Bh5 17. Qd2 Rae8 18. Rae1 Re6 19. Kh2 f4 20. Bf3 Bg6 (20... Bxf3 $142 21. exf3 Rg6) 21. g4 $17 Qe7 22. Kg2 h5 23. Rh1 Kh8 24. Reg1 ({White should try} 24. Ra1 $15) 24... Bxb4 $1 25. Nxb4 (25. axb4 $142 c5 26. Ra1) 25... c5 26. Nc2 (26. Nd5 $17 Qd6 27. gxh5) 26... e4 $19 27. dxe4 Ne5 28. Ne1 Nxc4 29. Qc1 Na5 $1 30. Nd3 Nb3 ({Inferior is} 30... Bxe4 31. Qxc5 Bxf3+ 32. exf3 $14) 31. Qc4 Bxe4 32. Qxa4 Nd2 33. Qc2 (33. Qd1 {was forced.} c4 34. Qxd2 cxd3 35. Bxe4 Rxe4 36. Qxd3) 33... Nxf3 34. exf3 {[#]} Bh7 $2 (34... c4 $1 $19 {[%mdl 512]} 35. Qxc4 Bxf3+ $1 {[%mdl 512]} 36. Kxf3 Re3+ 37. Kg2 Qe4+ 38. Kh2 Rxd3) 35. Qc4 $2 {[#]} (35. Rd1 $11) 35... Re2 $1 36. Rd1 $2 {[#]} (36. Rf1) 36... Qh4 $1 {( -> ...Bxd3)} 37. Qxc5 Rfe8 {And now ...Qg3+ would win.} 38. Qxh5 Qg3+ $1 39. Kf1 Qxf3 {[%cal Rf3h1]} 40. Rh2 R2e6 (40... Kg8 $142 41. Kg1 R2e5 42. Qxe8+ Rxe8 43. Ra1 Bxd3 44. Rc1 Re2 45. b4 Rd2 46. Re1 Rd1 47. Rg2 Be4 48. Kf1 Qxg2+ 49. Ke2 Bf3#) 41. Rd2 Kg8 {Precision: White = 29%, Black = 73%.} 0-1

[Event "33rd ECCC Open 2017"]
[Site "Antalya"]
[Date "2017.10.13"]
[Round "6"]
[White "Kristensen, Kaare Hove"]
[Black "Barp, Alberto"]
[Result "0-1"]
[WhiteElo "2331"]
[BlackElo "2277"]
[Annotator "NA"]
[PlyCount "86"]
[EventType "team-tourn"]
[EventCountry "TUR"]
[SourceTitle "playchess.com"]
[Source "ChessBase"]
[SourceQuality "1"]
[WhiteTeam "Nordkalotten"]
[BlackTeam "Augusta Perusia"]
[TimeControl "40/5400+30:1800+30"]

1. d4 {[%emt 0:00:30]} d5 {[%emt 0:01:00]} 2. c4 {[%emt 0:00:30]} e6 {[%emt 0:00:00]} 3. Nc3 {[%emt 0:00:00]} c6 {[%emt 0:02:00]} 4. e4 {[%emt 0:01:00]} dxe4 {[%emt 0:00:30]} 5. Nxe4 {[%emt 0:00:30]} Bb4+ {[%emt 0:00:00]} 6. Bd2 {[%emt 0:00:30]} Qxd4 {[%emt 0:00:00]} 7. Bxb4 {[%emt 0:00:30]} Qxe4+ {[%emt 0:00:30]} 8. Ne2 {[%emt 0:00:00]} Na6 {[%emt 0:00:30]} 9. Bf8 {[%emt 0:00:00]} Ne7 {[%emt 0:00:30]} 10. Bxg7 {[%emt 0:00:30] D31: Queen's Gambit Declined: Semi-Slav without ...Nf6 (+ Marshall Gambit and Noteboom) and Exchange Variation lines without ...Nf6} Nb4 {[%emt 0:04:30]} 11. Qd6 {[%emt 0:01:30]} Nd3+ {[%emt 0:14:30]} 12. Kd2 {[%emt 0:00:30]} Nf5 {[%emt 0:00:30]} 13. Qxd3 {[%emt 0:00:30]} Qxd3+ {[%emt 0:00:30]} 14. Kxd3 {[%emt 0:00:30]} Nxg7 {[%emt 0:00:00]} 15. Kc3 {[%emt 0:00:00]} Ke7 {[%emt 0:06:00] [#]} 16. Rd1 $146 {[%emt 0:04:00]} ({Predecessor:} 16. Re1 Bd7 17. g3 Rad8 {½-½ (54) Aleksandrov,A (2617)-Zhigalko,S (2668) Minsk 2010}) 16... e5 {[%emt 0:17:30]} 17. f4 {[%emt 0:06:30]} e4 {[%emt 0:03:30]} 18. Nd4 {[%emt 0:03:30]} h5 {[%emt 0:05:30]} 19. g3 {[%emt 0:15:30]} f5 {[%emt 0:13:30]} 20. Bg2 {[%emt 0:09:30]} Kf6 {[%emt 0:06:30]} 21. h3 {[%emt 0:13:30]} Ne6 {[%emt 0:01:30]} 22. Nxe6 {[%emt 0:00:30]} ({Better is} 22. Ne2 $15) 22... Bxe6 $17 {[%emt 0:00:30]} 23. g4 {[%emt 0:01:30]} fxg4 {[%emt 0:00:30]} 24. Bxe4 {[%emt 0:00:30]} Rad8 {[%emt 0:13:10]} 25. hxg4 {[%emt 0:18:30]} Bxg4 {[%emt 0:01:13]} 26. Rxd8 {[%emt 0:00:30]} Rxd8 {[%emt 0:00:03]} 27. b4 {[%emt 0:00:30]} Rd1 {[%emt 0:04:56]} 28. Rxd1 {[%emt 0:04:20]} Bxd1 {[%emt 0:00:05]} 29. b5 {[%emt 0:02:55]} cxb5 {[%emt 0:00:30]} 30. c5 {[%emt 0:00:00]} h4 {[%emt 0:02:59]} 31. Bxb7 {[%emt 0:04:10]} h3 {[%emt 0:00:06]} 32. Be4 {[%emt 0:06:03]} a5 {[%emt 0:02:04]} 33. Kd4 {[%emt 0:02:53]} b4 {[%emt 0:00:30]} 34. c6 {[%emt 0:00:27]} b3 {[%emt 0:01:21]} 35. axb3 {[%emt 0:00:46]} Bxb3 {[%emt 0:00:02]} 36. f5 {[%emt 0:01:21]} Ba4 {[%emt 0:00:42]} 37. Kc5 {[%emt 0:03:03]} h2 {[%emt 0:00:04]} 38. c7 {[%emt 0:00:22]} Bd7 {[%emt 0:00:04]} 39. Kd6 {[%emt 0:01:01]} Bc8 {[%emt 0:00:08]} 40. Kc5 {[%emt 0:00:00]} Ke5 {[%emt 0:01:33]} 41. f6 {[%emt 0:27:28]} Kxf6 {[%emt 0:02:30]} 42. Kb5 {[%emt 0:00:40]} Ke5 {[%emt 0:00:30]} 43. Bg2 {[%emt 0:02:03]} Kd6 {[%emt 0:00:30]} 0-1

[Event "33rd ECCC Open 2017"]
[Site "Antalya"]
[Date "2017.10.13"]
[Round "6"]
[White "Gantner, Matthias"]
[Black "Germanavicius, Sarunas"]
[Result "0-1"]
[WhiteElo "2324"]
[BlackElo "2326"]
[Annotator "NA"]
[PlyCount "90"]
[EventType "team-tourn"]
[EventCountry "TUR"]
[SourceTitle "playchess.com"]
[Source "ChessBase"]
[SourceQuality "1"]
[WhiteTeam "White Rose"]
[BlackTeam "MAKABI"]
[TimeControl "40/5400+30:1800+30"]

1. e4 {[%emt 0:00:30]} c5 {[%emt 0:01:00]} 2. Nf3 {[%emt 0:00:30]} d6 {[%emt 0:00:30]} 3. d4 {[%emt 0:00:00]} cxd4 {[%emt 0:00:00]} 4. Nxd4 {[%emt 0:00:00]} Nf6 {[%emt 0:00:00]} 5. Nc3 {[%emt 0:00:30]} a6 {[%emt 0:00:00]} 6. h4 {[%emt 0:00:00] B90: Sicilian Najdorf: Unusual White 6th moves, 6 Be3 Ng4 and 6 Be3 e5} (6. a4 g6 7. Be2 Bg7 8. O-O O-O 9. Be3 Nc6 10. Qd2 Rb8 11. h3 Bd7 12. Rfd1 Qc7 13. Nb3 {½-½ (13) Grischuk,A (2783)-Vachier Lagrave,M (2804) Tbilisi 2017}) 6... e5 {[%emt 0:04:00]} 7. Nb3 {[%emt 0:00:00]} Be6 {[%emt 0:00:00]} 8. f4 {[%emt 0:00:30]} exf4 {[%emt 0:05:00]} 9. Bxf4 {[%emt 0:01:30]} Be7 {[%emt 0:05:30]} 10. Qd2 {[%emt 0:02:30]} Nc6 {[%emt 0:23:30]} 11. O-O-O {[%emt 0:02:30]} Ne5 {[%emt 0:01:30]} 12. h5 $146 {[%emt 0:03:30]} ({Predecessor:} 12. Nd4 O-O 13. Nf5 Bxf5 14. exf5 {1-0 (40) Nihal,S (2483)-Thilakarathne,G (2053) Douglas 2017}) 12... Rc8 {[%emt 0:07:30]} 13. Qe1 {[%emt 0:21:30]} Qc7 {[%emt 0:03:30]} 14. Nd4 {[%emt 0:03:30]} b5 {[%emt 0:07:30]} 15. a3 {[%emt 0:02:30]} O-O {[%emt 0:01:30]} 16. Nf5 {[%emt 0:05:30]} Bxf5 {[%emt 0:02:30]} 17. exf5 {[%emt 0:00:30]} Rfe8 {[%emt 0:00:00]} 18. g4 {[%emt 0:15:30]} Nexg4 {[%emt 0:05:00]} 19. Bd3 {[%emt 0:15:30]} Qb6 {[%emt 0:03:30]} 20. Qd2 {[%emt 0:08:55]} d5 {[%emt 0:01:30]} 21. Rdg1 {[%emt 0:05:31]} b4 {[%emt 0:06:30]} 22. Na4 {[%emt 0:00:46]} Qc6 {[%emt 0:03:34]} 23. b3 {[%emt 0:00:21]} bxa3 {[%emt 0:00:19]} 24. Kb1 {[%emt 0:06:03]} Bc5 {[%emt 0:05:52]} 25. Nxc5 {[%emt 0:01:57]} Qxc5 {[%emt 0:00:07]} 26. Ka2 {[%emt 0:00:12]} a5 {[%emt 0:03:39]} 27. Rg2 {[%emt 0:01:01]} a4 {[%emt 0:00:44]} 28. b4 {[%emt 0:00:37]} Qd4 {[%emt 0:00:28]} 29. Rb1 {[%emt 0:00:23]} h6 {[%emt 0:01:45]} 30. Ba6 {[%emt 0:01:25]} Rxc2+ {[%emt 0:02:53]} 31. Qxc2 {[%emt 0:00:30]} Qxf4 {[%emt 0:00:00]} 32. Re2 {[%emt 0:00:18]} Ne4 {[%emt 0:00:26]} 33. Bd3 {[%emt 0:00:32]} Qe5 {[%emt 0:00:38]} 34. Kxa3 {[%emt 0:00:27]} Qxf5 {[%emt 0:01:00]} 35. b5 {[%emt 0:00:39]} Rc8 {[%emt 0:02:23]} 36. Bxe4 {[%emt 0:00:48]} dxe4 {[%emt 0:00:30]} 37. Qxe4 {[%emt 0:00:20]} Rc3+ {[%emt 0:00:00]} 38. Kxa4 {[%emt 0:00:23]} Qc5 {[%emt 0:00:10]} 39. Qa8+ {[%emt 0:00:40]} Kh7 {[%emt 0:00:14]} 40. Rb4 {[%emt 0:00:00]} Nf6 {[%emt 0:02:48]} 41. Rd2 {[%emt 0:15:51]} Rc1 {[%emt 0:04:30]} 42. Qg2 {[%emt 0:00:40]} Ra1+ {[%emt 0:15:15]} 43. Ra2 {[%emt 0:01:09]} Nd5 {[%emt 0:02:22]} 44. Qe4+ {[%emt 0:03:23]} f5 {[%emt 0:00:08]} 45. Qxf5+ {[%emt 0:01:55]} Kh8 {[%emt 0:00:07]} 0-1

[Event "33rd ECCC Open 2017"]
[Site "Antalya"]
[Date "2017.10.13"]
[Round "6"]
[White "Longson, Alexander"]
[Black "Atakisi, Umut"]
[Result "1/2-1/2"]
[WhiteElo "2317"]
[BlackElo "2361"]
[Annotator "NA"]
[PlyCount "45"]
[EventType "team-tourn"]
[EventCountry "TUR"]
[SourceTitle "playchess.com"]
[Source "ChessBase"]
[SourceQuality "1"]
[WhiteTeam "3CS Oldham"]
[BlackTeam "Besiktas"]
[TimeControl "40/5400+30:1800+30"]

1. e4 {[%emt 0:00:30]} c5 {[%emt 0:06:00]} 2. Nf3 {[%emt 0:00:30]} Nc6 {[%emt 0:00:30]} 3. Bb5 {[%emt 0:00:00]} d6 {[%emt 0:00:00]} 4. O-O {[%emt 0:00:00]} Bd7 {[%emt 0:00:00]} 5. Re1 {[%emt 0:00:30]} Nf6 {[%emt 0:00:00]} 6. c3 {[%emt 0:00:00]} a6 {[%emt 0:00:00]} 7. Bf1 {[%emt 0:00:00]} Bg4 {[%emt 0:00:30]} 8. h3 {[%emt 0:00:30]} Bxf3 {[%emt 0:00:30]} 9. Qxf3 {[%emt 0:00:30]} e6 {[%emt 0:00:00] B51: Sicilian: Moscow Variation (3 Bb5+) without 3...Bd7} 10. d3 {[%emt 0:00:00]} Be7 {[%emt 0:00:00]} 11. Nd2 {[%emt 0:00:00]} O-O {[%emt 0:02:30]} 12. Qe2 {[%emt 0:00:00]} d5 {[%emt 0:00:00]} 13. g3 {[%emt 0:00:00]} b5 $146 {[%emt 0:01:00]} ({Predecessor:} 13... Qc7 14. Nf3 c4 15. dxc4 Nxe4 16. Bf4 Qb6 17. Be3 {1-0 (68) Predojevic,B (2600)-Cebalo,M (2402) Zadar 2012}) 14. Bg2 {[%emt 0:04:30]} Rc8 {[%emt 0:26:30]} 15. e5 {[%emt 0:10:30]} Nd7 {[%emt 0:01:30]} 16. f4 {[%emt 0:00:00]} b4 {[%emt 0:13:30]} 17. Nf3 {[%emt 0:04:00]} bxc3 {[%emt 0:02:30]} 18. bxc3 {[%emt 0:00:30]} Qa5 {[%emt 0:00:00]} 19. Qc2 {[%emt 0:08:30]} Rb8 {[%emt 0:05:00]} 20. Bd2 $11 {[%emt 0:06:30]} Qa3 {[%emt 0:11:30]} 21. Bc1 {[%emt 0:02:30]} Qa5 {[%emt 0:00:30]} 22. Bd2 {[%emt 0:00:00]} Qa3 {[%emt 0:00:00]} 23. Bc1 {[%emt 0:09:00]} 1/2-1/2

[Event "33rd ECCC Open 2017"]
[Site "Antalya"]
[Date "2017.10.13"]
[Round "6"]
[White "Nikac, Predrag"]
[Black "Makolli, Perparim"]
[Result "1-0"]
[WhiteElo "2305"]
[BlackElo "2333"]
[Annotator "NA"]
[PlyCount "63"]
[EventType "team-tourn"]
[EventCountry "TUR"]
[SourceTitle "playchess.com"]
[Source "ChessBase"]
[SourceQuality "1"]
[WhiteTeam "Elektroprivreda"]
[BlackTeam "Hasan Pristina"]
[TimeControl "40/5400+30:1800+30"]

1. e4 {[%emt 0:03:30]} c5 {[%emt 0:01:00]} 2. Nf3 {[%emt 0:00:30]} e6 {[%emt 0:01:30]} 3. d4 {[%emt 0:00:30]} cxd4 {[%emt 0:00:30]} 4. Nxd4 {[%emt 0:00:00]} a6 {[%emt 0:00:00]} 5. Bd3 {[%emt 0:00:00]} Nf6 {[%emt 0:00:00]} 6. O-O {[%emt 0:00:30]} Qc7 {[%emt 0:00:30]} 7. Be3 {[%emt 0:00:30]} d5 {[%emt 0:01:30]} 8. Nc3 {[%emt 0:11:30] B42: Sicilian: Kan Variation: 5 Bd3} dxe4 {[%emt 0:15:30]} 9. Nxe4 {[%emt 0:10:30]} Nbd7 {[%emt 0:01:30]} 10. Nxf6+ {[%emt 0:01:30]} Nxf6 {[%emt 0:01:30]} 11. Re1 {[%emt 0:03:30]} Be7 {[%emt 0:01:30]} 12. Qf3 {[%emt 0:01:30]} O-O {[%emt 0:07:30]} 13. Rad1 {[%emt 0:00:30]} Nd5 $146 {[%emt 0:06:30]} ({Predecessor:} 13... Bd6 14. h4 Bh2+ 15. Kh1 {1-0 (44) Ziatdinov,R (2424)-Kuporosov,V (2473) Vladimir 2004}) 14. Bd2 {[%emt 0:07:30]} Bf6 {[%emt 0:01:30]} 15. Qe4 {[%emt 0:00:30]} g6 {[%emt 0:01:30]} 16. c4 {[%emt 0:00:30]} Ne7 {[%emt 0:05:30]} 17. b4 {[%emt 0:09:30]} e5 {[%emt 0:06:30]} 18. Nb3 {[%emt 0:06:30]} Bf5 {[%emt 0:09:30]} 19. Qf3 {[%emt 0:00:00]} Bg7 {[%emt 0:00:30]} 20. Bg5 {[%emt 0:04:00]} Bxd3 {[%emt 0:01:30]} 21. Rxd3 {[%emt 0:00:30]} f6 $11 {[%emt 0:05:30]} 22. Be3 {[%emt 0:10:30]} f5 {[%emt 0:14:14]} 23. Qd1 {[%emt 0:03:30]} Rfd8 {[%emt 0:00:28]} 24. Nc5 {[%emt 0:01:30]} Rxd3 {[%emt 0:03:34]} 25. Qxd3 {[%emt 0:00:30]} Rd8 {[%emt 0:00:56]} 26. Qb3 {[%emt 0:01:30]} Qc8 {[%emt 0:01:07]} 27. Bg5 {[%emt 0:00:30]} Kf7 {[%emt 0:02:20]} 28. Nd3 {[%emt 0:02:30]} Qc7 {[%emt 0:04:06]} 29. c5+ {[%emt 0:03:20]} Ke8 {[%emt 0:01:48]} 30. Nf4 {[%emt 0:00:21]} Nc6 {[%emt 0:03:41]} 31. Qg8+ {[%emt 0:01:33]} Bf8 {[%emt 0:00:00]} 32. Ne6 {[%emt 0:00:12]} 1-0

[Event "33rd ECCC Open 2017"]
[Site "Antalya"]
[Date "2017.10.13"]
[Round "6"]
[White "Reimanis, Ritvars"]
[Black "Roobol, Martin"]
[Result "0-1"]
[WhiteElo "2294"]
[BlackElo "2289"]
[Annotator "NA"]
[PlyCount "80"]
[EventType "team-tourn"]
[EventCountry "TUR"]
[SourceTitle "playchess.com"]
[Source "ChessBase"]
[SourceQuality "1"]
[WhiteTeam "Riga"]
[BlackTeam "Leiden"]
[TimeControl "40/5400+30:1800+30"]

1. d4 {[%emt 0:00:30]} g6 {[%emt 0:01:00]} 2. e4 {[%emt 0:00:30]} Bg7 {[%emt 0:00:30]} 3. Ne2 {[%emt 0:00:30]} d6 {[%emt 0:00:00]} 4. Be3 {[%emt 0:01:30]} Nc6 {[%emt 0:05:00]} 5. f3 {[%emt 0:00:30]} e5 {[%emt 0:00:30]} 6. d5 {[%emt 0:00:30]} Nce7 {[%emt 0:00:00]} 7. c4 {[%emt 0:00:30]} f5 {[%emt 0:00:00]} 8. Nec3 {[%emt 0:01:30]} Bh6 {[%emt 0:11:30]} 9. Bf2 {[%emt 0:05:30]} Nf6 {[%emt 0:06:30]} 10. Be2 {[%emt 0:02:30]} O-O {[%emt 0:01:30]} 11. c5 {[%emt 0:00:30]} Nh5 {[%emt 0:15:30]} 12. g3 {[%emt 0:03:30]} fxe4 {[%emt 0:03:30]} 13. fxe4 {[%emt 0:00:30]} Nf6 {[%emt 0:04:30]} 14. Na3 {[%emt 0:02:30]} Bh3 {[%emt 0:06:30]} 15. Rg1 {[%emt 0:05:30]} Nd7 {[%emt 0:07:30]} 16. cxd6 {[%emt 0:03:30]} (16. Bf1 $17 {was necessary.} Rxf2 17. Kxf2 Qf8+ 18. Ke1) 16... cxd6 {[%emt 0:00:30]} 17. Bf3 {[%emt 0:06:30]} Rc8 {[%emt 0:07:30]} 18. Qe2 {[%emt 0:06:30]} Qa5 {[%emt 0:02:30]} 19. Nab1 {[%emt 0:01:30]} Rf7 $19 {[%emt 0:13:13]} 20. Be3 {[%emt 0:01:30]} Bxe3 {[%emt 0:03:17]} 21. Qxe3 {[%emt 0:00:30]} Qb4 {[%emt 0:00:30]} 22. a3 {[%emt 0:00:30]} Qd4 {[%emt 0:02:48]} 23. Ke2 {[%emt 0:19:30]} Rxf3 {[%emt 0:00:27]} 24. Qxd4 {[%emt 0:00:30]} exd4 {[%emt 0:00:30]} 25. Kxf3 {[%emt 0:00:00]} Ne5+ {[%emt 0:00:00]} 26. Ke2 {[%emt 0:02:00]} Bg4+ {[%emt 0:00:10]} 27. Kf2 {[%emt 0:00:00]} Rf8+ {[%emt 0:01:07]} 28. Kg2 {[%emt 0:00:00]} Bf3+ {[%emt 0:00:50]} 29. Kh3 {[%emt 0:00:30]} dxc3 {[%emt 0:00:30]} 30. Nxc3 {[%emt 0:00:30]} g5 {[%emt 0:00:30]} 31. g4 {[%emt 0:00:30]} N7g6 {[%emt 0:00:30]} 32. Kg3 {[%emt 0:00:30]} Bxg4 {[%emt 0:00:30]} 33. Rgf1 {[%emt 0:00:30]} Nf4 {[%emt 0:00:30]} 34. h3 {[%emt 0:00:30]} Bd7 {[%emt 0:00:30]} 35. Rac1 {[%emt 0:00:30]} Kg7 {[%emt 0:00:30]} 36. Kh2 {[%emt 0:00:30]} Rf6 {[%emt 0:00:30]} 37. Nd1 {[%emt 0:00:30]} Rh6 {[%emt 0:00:30]} 38. Nf2 {[%emt 0:00:30]} Bxh3 {[%emt 0:00:30]} 39. Rc7+ {[%emt 0:00:30]} Kg6 {[%emt 0:04:07]} 40. Re1 {[%emt 0:00:00]} Nf3+ {[%emt 0:01:01]} 0-1

[Event "33rd ECCC Open 2017"]
[Site "Antalya"]
[Date "2017.10.13"]
[Round "6"]
[White "Kokkila, Tero"]
[Black "Jashari, Ardian"]
[Result "0-1"]
[WhiteElo "2290"]
[BlackElo "2116"]
[Annotator "NA"]
[PlyCount "83"]
[EventType "team-tourn"]
[EventCountry "TUR"]
[SourceTitle "playchess.com"]
[Source "ChessBase"]
[SourceQuality "1"]
[WhiteTeam "Etela-Vantaan"]
[BlackTeam "Dardania"]
[TimeControl "40/5400+30:1800+30"]

1. e4 {[%emt 0:00:30]} c5 {[%emt 0:01:00]} 2. Nf3 {[%emt 0:00:00]} Nc6 {[%emt 0:00:30]} 3. d4 {[%emt 0:00:00]} cxd4 {[%emt 0:00:00]} 4. Nxd4 {[%emt 0:00:30]} Nf6 {[%emt 0:00:00] LiveBook: 27930 Partien} 5. Nc3 {[%emt 0:00:00]} e5 {[%emt 0:00:30]} 6. Ndb5 {[%emt 0:00:00]} d6 {[%emt 0:00:00]} 7. Bg5 {[%emt 0:00:30]} a6 {[%emt 0:00:00]} 8. Na3 {[%emt 0:00:30]} b5 {[%emt 0:00:30]} 9. Nd5 {[%emt 0:00:30]} Be7 {[%emt 0:00:00]} 10. Bxf6 {[%emt 0:00:00]} Bxf6 {[%emt 0:00:00]} 11. c4 {[%emt 0:00:00]} b4 {[%emt 0:21:30]} 12. Nc2 {[%emt 0:01:30]} a5 {[%emt 0:00:30]} 13. Qf3 {[%emt 0:00:00] B33: Sicilian: Pelikan and Sveshnikov Variations} (13. g3 Bg5 14. h4 Bh6 15. Bh3 Bb7 16. Qh5 Ne7 17. Nf6+ Kf8 18. Rd1 Ng6 19. Nd5 Ne7 20. Nf6 Ng6 {½-½ (49) Saric,I (2662)-Ivanchuk,V (2727) Mali Losinj 2017}) 13... Bg5 {[%emt 0:00:30]} 14. h4 {[%emt 0:01:00]} Bh6 {[%emt 0:00:30]} 15. g4 {[%emt 0:00:30]} Bf4 {[%emt 0:00:30]} 16. Rd1 {[%emt 0:16:30]} O-O {[%emt 0:07:30]} 17. Be2 {[%emt 0:13:30]} Be6 $146 {[%emt 0:06:30]} ({Predecessor:} 17... a4 18. Nxf4 exf4 19. Qxf4 b3 20. axb3 axb3 {1-0 (34) Kovchan,A (2543)-Chernobay,A (2398) Dagomys 2009}) 18. Nxf4 {[%emt 0:05:30]} exf4 {[%emt 0:00:30]} 19. Qxf4 {[%emt 0:00:30]} Ne5 {[%emt 0:00:30]} 20. b3 {[%emt 0:09:30]} Qc7 {[%emt 0:09:30]} 21. Nd4 {[%emt 0:03:30]} d5 {[%emt 0:04:30] [#]} 22. Qg3 $11 {[%emt 0:13:30]} (22. Kf1 $1 $16) 22... dxe4 {[%emt 0:05:30]} 23. h5 {[%emt 0:02:30]} Rad8 {[%emt 0:06:30]} 24. h6 {[%emt 0:07:30]} Nd3+ {[%emt 0:08:30]} 25. Rxd3 {[%emt 0:01:30]} Qxg3 {[%emt 0:00:30]} 26. Rxg3 {[%emt 0:00:30]} Rxd4 {[%emt 0:00:00]} 27. hxg7 {[%emt 0:00:30]} Kxg7 {[%emt 0:00:00]} 28. Rh5 {[%emt 0:00:30]} Ra8 {[%emt 0:01:30]} 29. Re3 {[%emt 0:14:43]} a4 {[%emt 0:00:30]} 30. f4 {[%emt 0:00:09]} exf3 {[%emt 0:02:30]} 31. Bxf3 {[%emt 0:00:08]} axb3 {[%emt 0:00:30]} 32. Bxa8 {[%emt 0:03:19]} bxa2 {[%emt 0:00:30]} 33. Rg5+ {[%emt 0:01:29]} Kf8 {[%emt 0:01:30]} 34. Ra5 {[%emt 0:00:13]} Bxc4 {[%emt 0:00:30]} 35. Bc6 {[%emt 0:05:05]} Rxg4 {[%emt 0:04:30]} 36. Kd2 {[%emt 0:00:53]} Rg1 {[%emt 0:00:31]} 37. Re4 {[%emt 0:00:53]} b3 {[%emt 0:02:39]} 38. Rxc4 {[%emt 0:00:37]} b2 {[%emt 0:00:24]} 39. Be4 {[%emt 0:00:30]} b1=Q {[%emt 0:00:19]} 40. Rc8+ {[%emt 0:00:00]} Kg7 {[%emt 0:30:40]} 41. Bxb1 {[%emt 0:01:31]} axb1=Q {[%emt 0:00:00]} 42. Rd8 {[%emt 0:00:30]} 0-1

[Event "33rd ECCC Open 2017"]
[Site "Antalya"]
[Date "2017.10.13"]
[Round "6"]
[White "Kantane, Anna"]
[Black "Schoppen, Casper"]
[Result "0-1"]
[WhiteElo "2276"]
[BlackElo "2440"]
[Annotator "TA"]
[PlyCount "116"]
[EventType "team-tourn"]
[EventCountry "TUR"]
[SourceTitle "playchess.com"]
[Source "ChessBase"]
[SourceQuality "1"]
[WhiteTeam "Riga"]
[BlackTeam "Leiden"]

{[%evp 30,116,-22,-16,-31,-14,-8,-12,0,0,0,0,0,-3,0,0,3,0,0,0,0,0,0,0,2,2,16,-15,-14,-13,-14,-14,-15,-23,-12,-31,-44,-43,-22,-38,-15,-66,-72,-70,-68,-77,-71,-114,-72,-157,-92,-179,-123,-176,-68,-67,-67,-59,-20,-63,-31,-27,0,0,0,0,0,-17,-23,-55,-47,-47,-47,-134,-168,-196,-193,-372,-330,-758,-348,-709,-676,-895,-920,-884,-880,-1248,-1249]} 1. e4 c5 2. Nf3 d6 3. d4 cxd4 4. Nxd4 Nf6 5. Nc3 a6 6. Bg5 e6 7. f4 h6 8. Bh4 Qb6 9. Qd2 Qxb2 10. Rb1 Qa3 11. e5 dxe5 {B97: Sicilian Najdorf: Poisoned Pawn} 12. fxe5 Nfd7 13. Ne4 Qxa2 14. Rd1 Qd5 15. Qe3 Qxe5 16. Be2 {LiveBook: 261 Games} Bc5 $1 17. Bg3 $1 {[%cal Rg3e5]} Qd5 {aiming for ...0-0.} 18. c4 Bxd4 $1 19. Rxd4 Qa5+ $146 20. Rd2 $1 O-O $1 {Threatening ...f5.} 21. Bd6 $1 $132 {[%mdl 2048] White is not keeping still} f5 22. Bxf8 Nxf8 ({Wrong is} 22... Kxf8 $2 23. Nd6 $18) 23. Nd6 Nbd7 24. O-O Qc5 25. Qxc5 Nxc5 26. Bf3 Rb8 27. Rb1 g6 {[%cal Bg7g6,Bg6g5,Bg5g4][%mdl 32]} 28. Nxc8 Rxc8 29. Bxb7 Rc7 30. Bf3 Nfd7 31. Ra2 Kf7 32. g3 g5 33. Ra5 Kf6 34. Kg2 Rc8 35. Rd1 (35. h3 $11) 35... g4 $15 36. Be2 Rb8 37. Re1 Rb2 {And now ...Nd3 would win.} 38. Kg1 h5 39. Bd1 (39. Bf1 $142) 39... Rd2 (39... Nd3 $142 40. Re3 N7e5) 40. Rf1 {[#]} (40. Ra1 $17) 40... Kg5 ({Black should try} 40... Ne4 $1 $19 41. Rxa6 Ng5) 41. Ra3 (41. Ra1 $17 {was necessary.}) 41... e5 (41... h4 $19 {Threatens to win with ...Ne5.} 42. Re3 hxg3 43. Rxg3 Ne5) 42. Ba4 Nf6 43. Bc6 Rd6 44. Ba8 Nfd7 45. Ra5 h4 46. gxh4+ Kf6 47. Ra2 Ne6 48. Bb7 Ndc5 49. Bd5 Nf4 {[%mdl 1024] Black has compensation.} 50. Ra5 Nfd3 51. Rb1 ({Better is} 51. h5 $15) 51... e4 $17 {[%cal Be5e4,Be4e3][%mdl 32]} 52. Rb8 Ke5 53. Rc8 $2 {[#]} (53. h5) 53... Kd4 $1 $19 54. Rc6 $2 (54. Re8 Rh6 55. Rd8) 54... Rd8 (54... Rxc6 $142 55. Bxc6 e3) 55. h5 $2 (55. Rf6 e3 56. Ra2) 55... e3 {Black is clearly winning.} 56. Ra2 Nb4 57. Rxc5 Nxa2 58. Rc7 Re8 {Precision: White = 32%, Black = 63%.} 0-1